IQ nach Ländern - Statistiken

Allgemein
  • Dieses Quiz wurde 321 mal gespielt
  • Das Durchschnittsergebnis liegt bei 6 aus 10
Antwortstatistiken
IQ Land % Korrekt
105 Japan
94%
104 China
91%
106 Südkorea
80%
102 Schweiz
62%
108 Singapur
57%
106 Taiwan
53%
102 Nordkorea
52%
102 Niederlande
40%
108 Hongkong
32%
101 Macau
15%
Keine übereinstimmenden Quizze gefunden
Verteilung der Resultate
Anzahl Personen mit jedem Resultat
Perzentil nach korrekt beantworteten Fragen
Ihre Resultats-Entwicklung
Sie haben dieses Quiz noch nicht gespielt